Politicko-vojenská dimenzia OBSE bakalárska práca

Gespeichert in:
Bibliographische Detailangaben
1. Verfasser: Meluš, Pavol
Körperschaft: Fakulta medzinárodných vzťahov EU. Katedra medzinárodných politických vzťahov
Weitere Verfasser: Goda, Samuel
Format: Buch
Sprache:Slowakisch
Veröffentlicht: Bratislava 2019
Tags: Tag hinzufügen
Keine Tags, Fügen Sie das erste Tag hinzu!

MARC

LEADER 00000nbm a2200000 4500
001 0255190
005 20190813095910.9
041 0 |a slo 
044 |a SK 
245 1 0 |a Politicko-vojenská dimenzia OBSE  |b bakalárska práca  |c Pavol Meluš ; školiteľ: Samuel Goda 
264 1 |a Bratislava  |c 2019 
300 |a 47 s. 
100 1 |a Meluš, Pavol 
700 1 |a Goda, Samuel 
710 2 |a Fakulta medzinárodných vzťahov EU. Katedra medzinárodných politických vzťahov